000 00559nam a2200181 4500
999 _c171774
_d171774
005 20200120152945.0
010 _aENG-127474
020 _a9789387602632
_c200.00
035 _aEN-111006
037 _bDBAD/PUB
082 _a332.4954
100 _aRoy,Kallol
245 _aDemonetisation and its impact on Indian Economy/
_cby Kallol Roy
260 _aKolkata
_bKamalesh
_c2018
270 _aSanti Mudra,32/3 Patuatola Medinipur,
_bKolkata
_e721102
_mkabitika10@gmail.om
300 _a96p.
_c22cm(pbk)
942 _2ddc
_cEN
_h332.4954
_mROY